| 000 | 00495nam a2200169Ia 4500 | ||
|---|---|---|---|
| 005 | 20250508151522.0 | ||
| 008 | 008 250505s9999 xx 000 0 eng d | ||
| 037 | _aTextual | ||
| 040 |
_aFEDL _beng _cFEDL |
||
| 041 |
_aeng _2eng |
||
| 084 |
_a371.7, WIL _qFEDL |
||
| 100 |
_aWilson Charles C (et.al). _9759386 |
||
| 245 | 0 | _aAmerican health series, V 8 | |
| 260 |
_aNew York, USA _bThe Bobbs - Merrill Company _c1948 |
||
| 942 |
_cTEXL _h371.7, WIL |
||
| 999 |
_c1330314 _d1330314 |
||